City by Public Square - Statistics

General Stats
  • This quiz has been taken 1,000 times
  • The average score is 11 of 20
Answer Stats
Picture Hint Answer % Correct
Times Square New York
100%
Red Square Moscow
98%
Tiananmen Square Beijing
96%
Trafalgar Square London
96%
Piazza Navona Rome
95%
Plaza Mayor Madrid
84%
Piazza San Marco Venice
79%
Zócalo Mexico City
72%
Praça do Comércio Lisbon
68%
Tahrir Square Cairo
61%
Old Town Square Prague
59%
Plaza de Mayo Buenos Aires
50%
Taksim Square Istanbul
43%
Nathan Phillips Square Toronto
37%
Main Square Kraków
25%
Merdeka Square Kuala Lumpur
22%
Federation Square Melbourne
22%
Piazza del Campo Siena
22%
Grand Parade Cape Town
8%
Naqsh-e Jahan Square Isfahan
8%
No matching quizzes found
Score Distribution
Percent of People with Each Score
Percentile by Number Answered
Your Score History
You have not taken this quiz